00788 2200313 4500001002100000005001500021035002000036007000300056008004100059082001200100084001800112100002800130245006500158250001000223260004200233300003400275650001400309700001600323504002500339020002200364990001100386990001100397990001100408990001100419990001100430990001100441990001100452990001100463INLIS00000000000592720200714012010 a0010-0720000095ta200714 g 0 ind  a796.325 a796.325 MUH s0 aMUHAMMAD, Ihsan Nugraha1 aSenangnya Bermain Voli /cMuhammad Ihsan Nugraha, Ade Husnul acet.2 aJakarta :bCitraunggul Laksana,c2011 av, 65 hlm. :bilus. ;c25 cm. 4aBOLA VOLI0 aADE, Husnul aBibliografi : hlm.65 a978-979-2442-32-8 a7554 a a7554 b a7554 c a7554 d a7554 c a7554 a a7554 b a7554 d